<The> Pension System and Its Financing as an Important Part of Public Finances in the Slovak Republic

Rozšírenie slovenského dôchodkového systému na niekoľko pilierov výrazne zvýšilo. Deficit dôchodkového systému spravovaného Fondom sociálneho poistenia. Súkromný dôchodkový systém. Oslabenie starobného dôchodkového sporenia.

Salvato in:
Dettagli Bibliografici
Autore principale: Sika, Peter, 1975-
Altri autori: Vidová, Jarmila, 1967-
Natura: Capitolo di libro
Lingua:inglese
Soggetti:
Tags: Aggiungi Tag
Nessun Tag, puoi essere il primo ad aggiungerne!!

MARC

LEADER 00000naa$a2200000$$$4500
001 0248510
005 20240502101956.6
041 0 |a eng 
044 |a TR 
245 1 0 |a <The> Pension System and Its Financing as an Important Part of Public Finances in the Slovak Republic  |c Peter Sika, Jarmila Vidová 
520 |a Rozšírenie slovenského dôchodkového systému na niekoľko pilierov výrazne zvýšilo. Deficit dôchodkového systému spravovaného Fondom sociálneho poistenia. Súkromný dôchodkový systém. Oslabenie starobného dôchodkového sporenia. 
610 2 0 |a dlhy štátne 
610 2 0 |a dôchodky 
610 2 0 |a dôchodky starobné 
610 2 0 |a sporenie dôchodkové doplnkové 
610 2 0 |a sporenie dôchodkové 
610 2 0 |a rozvoj sociálny 
610 2 0 |a rozvoj trvalo udržateľný 
100 1 |a Sika, Peter, 1975- 
700 1 |a Vidová, Jarmila, 1967-